Fighting vehicles of the world over 600 tanks and AFVs of the world

Bibliographic Details
Main Author: Trewhitt, Philip
Other Authors: McNab, Chris
Format: Book
Language:English
Published: Hoo Grange 2004
Subjects:
LEADER 00842cam a2200241 a 4500
001 0000083175
005 20070123090000.0
040 |a mod 
041 |a eng 
020 |a 1840136464 
090 0 0 |a 623.7475  |b TRE  |e 2004 
100 1 |a Trewhitt, Philip 
245 1 0 |a Fighting vehicles of the world  |b over 600 tanks and AFVs of the world  |c Philip Trewhitt & Chris McNab 
260 |a Hoo  |b Grange  |c 2004 
300 |a 608 p.  |b col. ill.  |c 21 cm 
500 |a Includes index 
650 0 0 |a Armored vehicles, Military  |x Identification 
650 0 0 |a Tanks (Military science)  |x Identification 
650 0 0 |a Tanks (Military science)  |x History 
650 0 0 |a Armored vehicles, Military  |x History 
700 1 |a McNab, Chris 
999 |a 0250507  |b SPPTD  |d BOOKS  |e Umum  |f SPPTD  |j AVAILABLE  |q GOOD CONDITION 
999 |a B000001293  |b SPPTD  |d BOOKS  |e Umum  |f SPPTD  |j AVAILABLE  |q GOOD CONDITION